Drought tolerance in Transgenic MnSOD Hevea brasiliensis in a dry humid environment (Record no. 57384)

MARC details
000 -LEADER
fixed length control field 00730nam a2200217Ia 4500
100 ## - MAIN ENTRY--AUTHOR NAME
Personal name Sumesh K V
245 #0 - TITLE STATEMENT
Title Drought tolerance in Transgenic MnSOD Hevea brasiliensis in a dry humid environment
260 ## - PUBLICATION, DISTRIBUTION, ETC. (IMPRINT)
Name of publisher IRC 2012. International Rubber Conference, 28-31 October 2012, Kovalam, India, Rubber Research Institute of India, Kottayam and IRRDB, Malaysia: Abstracts. pp.195.
650 ## - SUBJECT ADDED ENTRY--TOPICAL TERM
Topical Term Drought tolerance
700 ## - ADDED ENTRY--PERSONAL NAME
Personal name Annamalainathan K
700 ## - ADDED ENTRY--PERSONAL NAME
Personal name Jacob J
700 ## - ADDED ENTRY--PERSONAL NAME
Personal name Jayashree R
700 ## - ADDED ENTRY--PERSONAL NAME
Personal name Krishnakumar R
700 ## - ADDED ENTRY--PERSONAL NAME
Personal name Ravichandran S
700 ## - ADDED ENTRY--PERSONAL NAME
Personal name Satheesh P R
700 ## - ADDED ENTRY--PERSONAL NAME
Personal name Singh M
700 ## - ADDED ENTRY--PERSONAL NAME
Personal name Sreelatha S
700 ## - ADDED ENTRY--PERSONAL NAME
Personal name Thulaseedharan A
942 ## - ADDED ENTRY ELEMENTS (KOHA)
Koha item type Journals
Holdings
Withdrawn status Lost status Damaged status Not for loan Home library Current library Shelving location Date acquired Koha item type
      Journals RRII Library RRII Library Economics 18/04/2013 Journals